Najdroższe Transfery w Historii Piłki Nożnej - Statystyki

Ogólne statystyki
  • Ten quiz został rozwiązany 2 032 razy
  • Średni wynik to 4 z 15
Statystyki odpowiedzi
Hint Odpowiedź % Poprawnych
222mln Neymar
99%
180mln Mbappe
83%
140mln Dembele
44%
135mln Coutinho
37%
117mln Ronaldo
23%
105mln Pogba
22%
101mln Bale
20%
127mln Felix
19%
120mln Griezmann
19%
115mln Hazard
19%
117mln Grealish
14%
113mln Lukaku
12%
87mln Maguire
10%
90mln Higuain
4%
86mln De Jong
3%
Nie znaleziono quizów pasujących do podanych kryteriów
Rozkład punktacji
Procent ludzi z każdym wynikiem
Percentyl według liczby udzielonych odpowiedzi
Twoja historia wyników
Nie rozwiązałeś tego quizu